<?xml version="1.0" encoding="UTF-8"?>
<record
    xmlns:xsi="http://www.w3.org/2001/XMLSchema-instance"
    xsi:schemaLocation="http://www.loc.gov/MARC21/slim http://www.loc.gov/standards/marcxml/schema/MARC21slim.xsd"
    xmlns="http://www.loc.gov/MARC21/slim">

  <leader>01665cam a2200301 a 4500</leader>
  <controlfield tag="001">16929276</controlfield>
  <controlfield tag="003">SGBFEEFSA</controlfield>
  <controlfield tag="005">20220326193253.0</controlfield>
  <controlfield tag="008">110811s2010    cr            000 0 spa  </controlfield>
  <datafield tag="010" ind1=" " ind2=" ">
    <subfield code="a">  2011481515</subfield>
  </datafield>
  <datafield tag="020" ind1=" " ind2=" ">
    <subfield code="z">9968834980</subfield>
  </datafield>
  <datafield tag="035" ind1=" " ind2=" ">
    <subfield code="a">(NcChVT)VT123CR130</subfield>
  </datafield>
  <datafield tag="040" ind1=" " ind2=" ">
    <subfield code="a">DLC</subfield>
    <subfield code="c">DLC</subfield>
  </datafield>
  <datafield tag="042" ind1=" " ind2=" ">
    <subfield code="a">pcc</subfield>
  </datafield>
  <datafield tag="050" ind1="0" ind2="0">
    <subfield code="a">PQ7487</subfield>
    <subfield code="b">.D73 2010</subfield>
  </datafield>
  <datafield tag="082" ind1=" " ind2=" ">
    <subfield code="a">862.5</subfield>
    <subfield code="b">D763d</subfield>
  </datafield>
  <datafield tag="245" ind1="0" ind2="0">
    <subfield code="a">Dramaturgia joven costarricense /</subfield>
    <subfield code="c">Elvia Amador Rojas ... [et al.].</subfield>
  </datafield>
  <datafield tag="250" ind1=" " ind2=" ">
    <subfield code="a">1 ed.</subfield>
  </datafield>
  <datafield tag="260" ind1=" " ind2=" ">
    <subfield code="a">San Jos&#xE9; :</subfield>
    <subfield code="b">Ediciones Perro Azul,</subfield>
    <subfield code="c">2010.</subfield>
  </datafield>
  <datafield tag="300" ind1=" " ind2=" ">
    <subfield code="a">330 p. ;</subfield>
    <subfield code="c">22 cm.</subfield>
  </datafield>
  <datafield tag="505" ind1="0" ind2=" ">
    <subfield code="a">Anti kinesis / Elvia Amador -- Esta historia continuar&#xE1; / Kyle Boza -- El sol va a explotar ma&#xF1;ana... / Karina Castillo Valverde -- Pabell&#xF3;n 6 / Angie Cervantes -- '' " / Roy Corrales -- Con un beso muero / Mabel Mar&#xED;n -- El &#xE1;rbol de la muerte / Alvaro Mart&#xED;nez -- Oculus / Bernardo Mena Young -- Cero (0) tres veces / Milena Picado Rossi -- Zapatos... / Pedro Jos&#xE9; S&#xE1;nchez -- Movimientos importantes de este a oeste o la dentadura del sol se cay&#xF3; en el lago / Mait&#xE9;n Silva -- El retorno / Patrick Valembois.</subfield>
  </datafield>
  <datafield tag="520" ind1=" " ind2=" ">
    <subfield code="a">Stage plays by twelve of Costa Rica's most promising young playwrights: Kyle Boza, Karina Castillo, Angie Cervantes, Roy Corrales, Mabel Mar&#xED;n, Alvaro Mart&#xED;nez, Bernardo Mena, Milena Picado, Pedro Jos&#xE9; S&#xE1;nchez, Mait&#xE9;n Silva &amp; Patrick Valembois.</subfield>
  </datafield>
  <datafield tag="650" ind1=" " ind2="0">
    <subfield code="a">Costa Rican drama</subfield>
    <subfield code="y">21st century.</subfield>
    <subfield code="9">809</subfield>
  </datafield>
  <datafield tag="650" ind1=" " ind2="0">
    <subfield code="a">teatro</subfield>
    <subfield code="x">literatura costarricense</subfield>
    <subfield code="9">810</subfield>
  </datafield>
  <datafield tag="700" ind1="1" ind2=" ">
    <subfield code="a">Amador Rojas, Elvia.</subfield>
    <subfield code="9">811</subfield>
  </datafield>
  <datafield tag="906" ind1=" " ind2=" ">
    <subfield code="a">7</subfield>
    <subfield code="b">cbc</subfield>
    <subfield code="c">origres</subfield>
    <subfield code="d">3</subfield>
    <subfield code="e">ncip</subfield>
    <subfield code="f">20</subfield>
    <subfield code="g">y-gencatlg</subfield>
  </datafield>
  <datafield tag="999" ind1=" " ind2=" ">
    <subfield code="c">167</subfield>
    <subfield code="d">167</subfield>
  </datafield>
  <datafield tag="952" ind1=" " ind2=" ">
    <subfield code="0">0</subfield>
    <subfield code="1">0</subfield>
    <subfield code="2">ddc</subfield>
    <subfield code="4">0</subfield>
    <subfield code="7">0</subfield>
    <subfield code="a">LV</subfield>
    <subfield code="b">LV</subfield>
    <subfield code="c">Pensamiento</subfield>
    <subfield code="d">2014-05-23</subfield>
    <subfield code="l">1</subfield>
    <subfield code="o">862.5 D763d</subfield>
    <subfield code="p">000142</subfield>
    <subfield code="r">2018-07-11 00:00:00</subfield>
    <subfield code="s">2018-07-11</subfield>
    <subfield code="w">2014-05-23</subfield>
    <subfield code="y">01</subfield>
  </datafield>
</record>
